Engineering mechanics : Dynamics
সংরক্ষণ করুন:
| প্রধান লেখক: | |
|---|---|
| বিন্যাস: | Sách |
| ভাষা: | Undetermined |
| প্রকাশিত: |
Cengage Learning
2001
|
| বিষয়গুলি: | |
| ট্যাগগুলো: |
ট্যাগ যুক্ত করুন
কোনো ট্যাগ নেই, প্রথমজন হিসাবে ট্যাগ করুন!
|
| Thư viện lưu trữ: | Trung tâm Thư viện - Trường Đại học Công nghiệp TP. Hồ Chí Minh |
|---|
| LEADER | 00505nam a2200157Ia 4500 | ||
|---|---|---|---|
| 001 | UIH_02675 | ||
| 008 | 231011s9999 xx 000 0 und d | ||
| 082 | |a 620.1 | ||
| 100 | |a Pytel, Andrew | ||
| 245 | 0 | |a Engineering mechanics : Dynamics | |
| 245 | 0 | |c Pytel, Andrew | |
| 260 | |b Cengage Learning | ||
| 260 | |c 2001 | ||
| 650 | |a Cơ học ứng dụng; Động lực học; | ||
| 927 | |a Sách | ||
| 980 | |a Trung tâm Thư viện - Trường Đại học Công nghiệp TP. Hồ Chí Minh | ||